000 00664nam a2200217 4500
003 OSt
005 20240608014942.0
006 a
008 240608b |||||||| |||| 00| 0 eng d
020 _a9710388998
040 _aDWCL-Main lib.
_cOC
082 _aFil. 490.7 K96 2010
111 _aMELVIN B.[ET AL.] DE VERA
245 _aKomunikasyon sa akademikong Filipino /
260 _aMandaluyong City :
_bBooks Atbp. Pub. Corp.,
_cc2010.
300 _axii,
_b285 p. ;
_c22 cm.
504 _aIncludes bibliographical references.
650 _a1. Filipino language - Study and teaching.
711 _aMELVIN B.[ET AL.] DE VERA
942 _2ddc
_n0
_cBK - FIL
_kFil.
999 _c387
_d387